00482nam a22001577a 4500003000400000005001700004008004100021040002900062050002000091100004100111245008600152250001200238260004500250300001100295650001800306OSt20240708103350.0240708b |||||||| |||| 00| 0 eng d cChuka University Library aQL 461 .F4 1955 aFernald, H. T. and Harold H. Shepard aApplied entomology: An introduction textbook of insects in their relations to man a5th ed. aNew YorkbMcGraw-Hill Book Companyc1955 a385 p. a1. Entomology